00615nam a2200169 a 450000100100000000500170001000800410002704000250006808200150009311100820010824500200019026000760021030000200028604900090030695201130031599900170042800003039120200930062304.0110516s2003 dr 000 0 spa d aDO-SdBNPbspacBNPHU axxxbC748c1 aConferencia del episcopado dominicanod(2003 ene. 21 :cSanto Domingo)95702610aCarta pastoral. aSanto Domingo :bConferencia del Episcopado Dominicano,c2003.fBúho, a25 p. ;c21 cm. aBNPD 0010718PDaPDbPDcCTd2011-05-16iLF1l0oxxx C748cp30391-10r2020-06-25w2020-06-25yLFPDZNo se presta c29883d29883